00500nam a2200145 a 450000100100000000500170001000800410002702000180006804000250008610000240011124500860013526000360022130000270025750000700028400003768820240301073829.0121115s2012 dr a 000 0 spa d a9789945164718 aDO-SdBNPbspacBNPHU1 aRaful, Tony,d1951-10aMirándote bailar :bcantatas y partituras para amantes y duendes /cTony Raful. aSanto Domingo :bBúho,c2012. a92 p. :bil. ;c25 cm. aIncluye datos biográficos del autor en la solapa de la cubierta